000 00625nam a2200205 4500
001 133366
003 ES-MaACL
005 20230906194404.0
007 t|
008 070214s1973 sp r ||||1| spa d
100 1 _aRudner, Richard S.
_9100495
245 1 0 _aFilosofía de la ciencia social /
_cRichard S. Rudner ; versión española de Dolores Cano.
260 _aMadrid :
_bAlianza,
_c1973.
300 _a171 p. ;
_c20 cm.
490 1 _aAlianza universidad ;
_v73
700 1 _aCano, Dolores.
_934526
830 0 _aAlianza universidad ;
_v73
_9177276
852 _aES-MaACL
_jC-56388
_bR.89126
999 _c133366
_d133366